Emma / (Record no. 6210)
[ view plain ]
| 000 -LEADER | |
|---|---|
| fixed length control field | 01791cam a22003491 4500 |
| 001 - CONTROL NUMBER | |
| control field | 6210 |
| 003 - CONTROL NUMBER IDENTIFIER | |
| control field | FISKH |
| 005 - DATE AND TIME OF LATEST TRANSACTION | |
| control field | 20250328115106.0 |
| 008 - FIXED-LENGTH DATA ELEMENTS--GENERAL INFORMATION | |
| fixed length control field | 751016s1816 enk 000 1 eng |
| 010 ## - LIBRARY OF CONGRESS CONTROL NUMBER | |
| LC control number | 06015462 |
| 020 ## - INTERNATIONAL STANDARD BOOK NUMBER | |
| International Standard Book Number | 9781904831167 |
| 040 ## - CATALOGING SOURCE | |
| Original cataloging agency | DLC |
| Language of cataloging | eng |
| Transcribing agency | FM |
| Modifying agency | DLC |
| 050 ## - LIBRARY OF CONGRESS CALL NUMBER | |
| Classification number | PR4034 |
| 082 ## - DEWEY DECIMAL CLASSIFICATION NUMBER | |
| Classification number | 823.7 |
| 100 1# - MAIN ENTRY--PERSONAL NAME | |
| Personal name | Austen, Jane, |
| Dates associated with a name | 1775-1817. |
| 245 10 - TITLE STATEMENT | |
| Title | Emma / |
| Statement of responsibility, etc. | Jane Austen |
| 250 ## - EDITION STATEMENT | |
| Edition statement | This edition published in 2006 |
| 260 ## - PUBLICATION, DISTRIBUTION, ETC. | |
| Place of publication, distribution, etc. | London : |
| Name of publisher, distributor, etc. | Penguin, |
| Date of publication, distribution, etc. | 1816. |
| 300 ## - PHYSICAL DESCRIPTION | |
| Extent | 367 pages : |
| Dimensions | 18 cm |
| 520 ## - SUMMARY, ETC. | |
| Summary, etc. | Often considered to be Jane Austen's finest work, Emma is the story of a charmingly self-deluded heroine whose injudicious matchmaking schemes often lead to substantial mortification. Emma, "handsome, clever, and rich, with a comfortable home and happy disposition, seemed to unite some of the best blessings of existence; and had lived nearly twenty-one years in the world with very little to distress or vex her." Her own great fortune has blinded Emma to the true feelings and motivations of others and leads her to some hilarious misjudgments. But it is through her mistakes that Emma finds humility, wisdom, and true love. Told with the shrewd wit and delicate irony which have made Jane Austen a master of the English novel, Emma is a comic masterpiece whose fanciful heroine has gained the affection of generations of readers. |
| 650 #0 - SUBJECT ADDED ENTRY--TOPICAL TERM | |
| Topical term or geographic name entry element | Fathers and daughters |
| Form subdivision | Fiction. |
| 650 #0 - SUBJECT ADDED ENTRY--TOPICAL TERM | |
| Topical term or geographic name entry element | Female friendship |
| Form subdivision | Fiction. |
| 650 #0 - SUBJECT ADDED ENTRY--TOPICAL TERM | |
| Topical term or geographic name entry element | Mate selection |
| Form subdivision | Fiction. |
| 650 #0 - SUBJECT ADDED ENTRY--TOPICAL TERM | |
| Topical term or geographic name entry element | Young women |
| Form subdivision | Fiction. |
| 651 #0 - SUBJECT ADDED ENTRY--GEOGRAPHIC NAME | |
| Geographic name | England |
| Form subdivision | Fiction. |
| 655 #7 - INDEX TERM--GENRE/FORM | |
| Genre/form data or focus term | Humorous fiction. |
| Source of term | gsafd |
| 655 #7 - INDEX TERM--GENRE/FORM | |
| Genre/form data or focus term | Bildungsromans. |
| Source of term | gsafd |
| 655 #7 - INDEX TERM--GENRE/FORM | |
| Genre/form data or focus term | Love stories. |
| Source of term | gsafd |
| 906 ## - LOCAL DATA ELEMENT F, LDF (RLIN) | |
| a | 7 |
| b | cbc |
| c | oclcrpl |
| d | u |
| e | ncip |
| f | 19 |
| g | y-gencatlg |
| 942 ## - ADDED ENTRY ELEMENTS (KOHA) | |
| Source of classification or shelving scheme | Dewey Decimal Classification |
| Koha item type | Books |
| Suppress in OPAC | No |
| Withdrawn status | Lost status | Source of classification or shelving scheme | Damaged status | Not for loan | Collection | Home library | Current library | Shelving location | Date acquired | Total Checkouts | Full call number | Barcode | Date last seen | Price effective from | Koha item type |
|---|---|---|---|---|---|---|---|---|---|---|---|---|---|---|---|
| Dewey Decimal Classification | Fiction | Footprints International School Library Network Toul Kork Campus | Footprints International School Library Network Toul Kork Campus | A TK Campus, 4th Floor, Room B401, Fiction Bookcases (1-6) | 03/28/2025 | AUS 823.7 PR4034 | 2025-0881 | 03/28/2025 | 03/28/2025 | Books |
